Mezivládní konference Evropské unie. Strategie pro 21. století

Medzivládna konferencia 15 členských krajín EÚ, ktorá sa uskutoční 29. marca 1996 v Turíne. Nová situácia, ktorá nastala v Európe v súvislosti s ekonomickou transformáciou krajín strednej a východnej Európy. Niektoré hlavné zmeny, ktoré sa črtajú v orgánoch EÚ - Európska rada, Ministerská rada, Euró...

Ausführliche Beschreibung

Gespeichert in:
Bibliographische Detailangaben
1. Verfasser: Provazník, Dušan
Format: Buchkapitel
Sprache:Tschechisch
Schlagworte:
Tags: Tag hinzufügen
Keine Tags, Fügen Sie das erste Tag hinzu!

MARC

LEADER 00000naa a2200000 4500
001 r020506
005 20230418124107.9
041 0 |a cze 
044 |a CZ 
245 1 0 |a Mezivládní konference Evropské unie. Strategie pro 21. století  |c Dušan Provazník 
520 |a Medzivládna konferencia 15 členských krajín EÚ, ktorá sa uskutoční 29. marca 1996 v Turíne. Nová situácia, ktorá nastala v Európe v súvislosti s ekonomickou transformáciou krajín strednej a východnej Európy. Niektoré hlavné zmeny, ktoré sa črtajú v orgánoch EÚ - Európska rada, Ministerská rada, Európska komisia, Európsky parlament. 
610 2 0 |a integrácia ekonomická medzinárodná 
610 2 0 |a Európska únia 
610 2 0 |a konferencie 
610 2 0 |a Turín 
610 2 0 |a 1996 
610 2 0 |a reštrukturalizácia 
610 2 0 |a Európska rada 
610 2 0 |a Európska komisia 
610 2 0 |a Európsky parlament 
610 2 0 |a kompetencie 
100 1 |a Provazník, Dušan